Experimentálna verifikácia numerických simulácií prúdenia v modeli vstupnej sekcie elektrostatického separátora
Salvato in:
| Autore principale: | |
|---|---|
| Altri autori: | |
| Natura: | Manoscritto Libro |
| Lingua: | slovacco |
| Pubblicazione: |
2023
|
| Soggetti: | |
| Accesso online: | http://is.stuba.sk/zp/portal_zp.pl?podrobnosti=171417 |
| Tags: |
Nessun Tag, puoi essere il primo ad aggiungerne!!
|
MARC
| LEADER | 00000ntm a22000003a 4500 | ||
|---|---|---|---|
| 001 | stuzp93914 | ||
| 003 | SK-STU | ||
| 005 | 20230909220501.7 | ||
| 007 | ta | ||
| 008 | 150427s2015----xo-----f-mn---000-0-slo-d | ||
| 040 | |a STU |b slo | ||
| 041 | 0 | |a slo | |
| 100 | 1 | |a Pintér, Adam |u 020060 |4 aut |U SjF Strojnícka fakulta |T SjF Ústav energetických strojov a zariadení |X 88612 |U J0060 |Y 805 |7 88612 | |
| 242 | 0 | 1 | |a Experimental verification of numerical simulations of flow in a model inlet section of an electrostatic precipitator |y eng |
| 245 | 1 | 0 | |a Experimentálna verifikácia numerických simulácií prúdenia v modeli vstupnej sekcie elektrostatického separátora |
| 260 | |c 2023 | ||
| 650 | 4 | |a experimentálna verifikácia |2 slo | |
| 650 | 4 | |a CFD |2 slo | |
| 650 | 4 | |a prúdenie |2 slo | |
| 650 | 4 | |a rýchlostné pole |2 slo | |
| 650 | 4 | |a PIV |2 slo | |
| 650 | 4 | |a velocity field |2 eng | |
| 650 | 4 | |a experimental verification |2 eng | |
| 650 | 4 | |a flow |2 eng | |
| 650 | 4 | |a CFD |2 eng | |
| 650 | 4 | |a PIV |2 eng | |
| 700 | 1 | |a Mlkvik, Marek |u 020060 |k Z1 |4 ths |U SjF Strojnícka fakulta |T SjF Ústav energetických strojov a zariadení |X 13109 |U J0060 |Y 805 |7 A000013109 | |
| 856 | 4 | |u http://is.stuba.sk/zp/portal_zp.pl?podrobnosti=171417 | |
| 996 | |b 284J047348 |c J* 3568/DDP |l JJSK |s A |a 24 |w stuzp93914_0001 | ||